Three men in a boat / (Record no. 180166)

MARC details
000 -LEADER
fixed length control field 00563nam a22001937a 4500
005 - DATE AND TIME OF LATEST TRANSACTION
control field 20210727145725.0
010 ## - LCCN (DPL NO)
LC control number B-740649
020 ## - INTERNATIONAL STANDARD BOOK NUMBER
International Standard Book Number 9788188951499
Terms of availability 150.00
035 ## - SYSTEM CONTROL NUMBER
System control number B-740649
037 ## - SOURCE OF ACQUISITION
Source of stock number/acquisition Gift
082 ## - DEWEY DECIMAL CLASSIFICATION NUMBER
Classification number S
100 ## - MAIN ENTRY--PERSONAL NAME
Personal name Jerome, K. Jerome
245 ## - TITLE STATEMENT
Title Three men in a boat /
Statement of responsibility, etc by Jerome K. Jerome
260 ## - PUBLICATION, DISTRIBUTION, ETC. (IMPRINT)
Place of publication, distribution, etc New Delhi
Name of publisher, distributor, etc Pigeon Books
Date of publication, distribution, etc 2018
270 ## - ADDRESS
Address I-2/16, Ansari Road, Daryaganj
City New Delhi
Postal code 110002
300 ## - PHYSICAL DESCRIPTION
Extent 226p.
Dimensions 18cm(pbk)
942 ## - ADDED ENTRY ELEMENTS (KOHA)
Source of classification or shelving scheme Dewey Decimal Classification
Item type English Books
Classification part S
Call number suffix JER
Holdings
Withdrawn status Lost status Not for loan Collection code Home library Current library Date acquired Source of acquisition Cost, normal purchase price Full call number Barcode Copy number Cost, replacement price Koha item type Public note
      Non-fiction Central Library Central Library 27/07/2021 Gift/Eng/07-07-2021 150.00 S JER B-740649 1 150.00 English Books GIft

© Delhi Public Library
Hit Counter
free hit counter